Top 5 All-Time Goal Scorers by Nation (Active Players) - Statistics

General Stats
  • This quiz has been taken 25 times
  • The average score is 10 of 35
Answer Stats
Goals Answer % Correct
20 Erling Haaland
100%
31 Burak Yilmaz
86%
61 Edin Dzeko
86%
26 Marek Hamsik
81%
16 Miralem Pjanic
81%
16 Hakan Calhanoglu
57%
14 Alexander Sorloth
52%
11 Nicolae Stanciu
43%
16 Arda Turan
38%
20 Joshua King
38%
17 Konstantinos Mitroglou
33%
10 Ondrej Duda
33%
16 Shane Long
33%
14 Bogdan Stancu
29%
13 Cengiz Under
29%
14 Robert Mak
29%
18 Cenk Tosun
19%
10 Tarik Elyounoussi
19%
8 Anastasios Bakasetas
14%
7 Callum Robinson
14%
8 George Puscas
14%
11 James McClean
10%
9 Konstantinos Fortounis
10%
8 Robbie Brady
10%
7 Shane Duffy
10%
6 Vangelis Pavlidis
10%
10 Edin Visca
5%
5 Petros Mantalos
5%
13 Adam Nemec
0%
13 Claudiu Keseru
0%
12 Gabriel Torje
0%
9 Haris Medunjanin
0%
7 Milan Djuric
0%
16 Morten Gamst Pedersen
0%
13 Stanislav Sestak
0%
No matching quizzes found
Score Distribution
Percent of People with Each Score
Percentile by Number Answered
Your Score History
You have not taken this quiz